000 00691nam a2200241Ia 4500
003 OSt
005 20220928125010.0
006 a|||||r|||| 00| 0
007 ta
008 220927b |||||||| |||| 00| 0 eng d
020 _c2824.5
024 _a128473
037 _b0363, 10/12/2015, Bookwell Publications
_cTextual
040 _aSDCL
_cSDCL
_beng
041 _2eng
_aeng
082 _aX.1'Q15, Q5
245 0 _aWorld economic situation prospects 2015
260 _aNew York
_b United Nations
_c2015
300 _axvi;175p.
_ccm.
650 _aReference
942 _hX.1'Q15, Q5
_cTEXL
_2CC
999 _c780354
_d780354